| 000 | 00351nam a2200145Ia 4500 | ||
|---|---|---|---|
| 008 | 230917s9999||||xx |||||||||||||| ||und|| | ||
| 040 |
_e63113 _aMAIN |
||
| 041 | _aEnglish | ||
| 082 | _a380.5 K527T | ||
| 100 | _aKhan, R R | ||
| 245 | 0 | _aTransport management | |
| 260 |
_aBombay _bHimalaya Publishing House _c1980 |
||
| 300 | _a216 p. | ||
| 942 | _cBK | ||
| 999 |
_c216361 _d216361 |
||